La voluntad de sentido: conferencias escogidas sobre logoterapia

Saved in:
Bibliografiske detaljer
Hovedforfatter: Frankl, Viktor E (Author)
Format: Bog
Sprog:spansk
Udgivet: Barcelona Herder 1988
Udgivelse:1a. ed
Fag:
Tags: Tilføj Tag
Ingen Tags, Vær først til at tagge denne postø!

MARC

LEADER 00000cam a2200000 a 4500
001 UCW6461
003 CL-VaPUC
008 920114e19880000SP |||||||||||||||||spa|d
020 |a 8425416108 
082 0 4 |a 616.8914  |b FRA  |2 21 
100 0 |a Frankl, Viktor E  |e author  |9 311493 
245 1 3 |a La voluntad de sentido: conferencias escogidas sobre logoterapia 
250 |a 1a. ed 
300 |a 300 p 
942 |c BK 
945 |d 19920114 00:00:00 
260 |a Barcelona  |b Herder  |c 1988 
650 7 |a PSICOTERAPIA  |2 CL-VaPUC  |9 311494 
650 0 |a Logoterapia   |9 307575 
583 |a last modification  |c 20150505 12:49:16  |k Rodrigo Vera 
999 |c 219515  |d 219513 
952 |0 0  |1 0  |3 erb  |4 0  |6 616_891400000000000_FRA_1988  |7 0  |8 A  |9 210525  |a BIBEDU  |b BIBEDU  |i 5158567  |o 616.8914 FRA 1988  |p 5158567  |r 2019-11-15  |w 2019-11-15  |y BK  |z Catalogado en:20150409  |k EDU 
952 |0 0  |1 0  |3 erb  |4 0  |6 616_891400000000000_FRA_1988  |7 0  |8 A  |9 210526  |a BIBTEO  |b BIBTEO  |i 5440289  |o 616.8914 FRA 1988  |p 5440289  |r 2025-01-17  |w 2019-11-15  |y BK  |z Catalogado en:20171201  |k ICR